000 00316nam a22001337a 4500
020 _a019564326-4
082 _a030
_bAUG/O
100 _aAUGARDE, A.J
245 _aTHE OXFORD PRIMARY SCHOOL DICTIONARY
260 _aDELHI
_bOXFORD UNIVERSITY PRESS
_c1993
300 _a508
650 _aDICTIONARY
_zINDIA
942 _cBK
999 _c2032
_d2032